[Event "2nd Goa GM Open 2019"]
[Site "Goa"]
[Date "2019.06.21"]
[Round "5.9"]
[White "Idani, Pouya"]
[Black "Rahul Srivatshav P"]
[Result "0-1"]
[WhiteElo "2597"]
[BlackElo "2395"]
[Annotator "RC"]
[PlyCount "168"]
[EventDate "2019.06.17"]
[EventType "swiss"]
[EventCountry "IND"]
[SourceTitle "playchess.com"]
[Source "ChessBase"]
[SourceQuality "1"]
[TimeControl "5400+30"]

1. d4 {[%emt 0:00:00]} Nf6 {[%emt 0:00:43]} 2. c4 {[%emt 0:00:00]} g6 {[%emt 0:00:04]} 3. g3 {[%emt 0:00:00]} Bg7 {[%emt 0:00:04]} 4. Bg2 {[%emt 0:00:00]} O-O {[%emt 0:00:06]} 5. Nc3 {[%emt 0:00:00]} d6 {[%emt 0:00:03]} 6. Nf3 {[%emt 0:00:01]} c5 {[%emt 0:00:04]} 7. O-O {[%emt 0:00:12]} Nc6 {[%emt 0:00:04]} 8. dxc5 {[%emt 0:00:08]} dxc5 {[%emt 0:00:07]} 9. Be3 {[%emt 0:00:05]} Qa5 {[%emt 0:00:09]} 10. Qa4 {[%emt 0:05:53]} Qxa4 {[%emt 0:00:11]} 11. Nxa4 {[%emt 0:00:07]} b6 {[%emt 0:00:07]} 12. Rad1 {[%emt 0:02:10]} Bf5 {[%emt 0:00:54]} 13. Nc3 {[%emt 0:01:54]} Rac8 {[%emt 0:02:16]} 14. Nh4 {[%emt 0:05:01]} Be6 {[%emt 0:03:26]} 15. Nd5 {[%emt 0:00:22]} Rfd8 {[%emt 0:01:40]} 16. Rd2 {[%emt 0:07:28]} Bxd5 {[%emt 0:12:10]} 17. cxd5 {[%emt 0:01:15]} Nb4 {[%emt 0:07:39]} 18. Bg5 {[%emt 0:00:18]} h6 {[%emt 0:05:48]} 19. Bxf6 {[%emt 0:00:27]} Bxf6 {[%emt 0:00:06]} 20. a3 {[%emt 0:04:12]} Nc6 {[%emt 0:03:15]} 21. f4 {[%emt 0:05:49]} e6 {[%emt 0:05:11]} 22. e4 {[%emt 0:38:34]} exd5 {[%emt 0:01:36]} 23. exd5 {[%emt 0:00:06]} Bxh4 {[%emt 0:02:45]} 24. gxh4 {[%emt 0:00:05]} Nd4 {[%emt 0:00:36]} 25. h5 {[%emt 0:02:39]} gxh5 {[%emt 0:05:50]} 26. Kf2 {[%emt 0:02:05]} Rd6 {[%emt 0:03:28]} 27. Re1 {[%emt 0:07:10]} Rf6 {[%emt 0:02:09]} 28. Re4 {[%emt 0:01:44]} Rd8 {[%emt 0:00:37]} 29. Ke3 {[%emt 0:00:22]} Nf5+ {[%emt 0:01:19]} 30. Kf3 {[%emt 0:01:40]} Nd4+ {[%emt 0:01:33]} 31. Ke3 {[%emt 0:00:11]} Nf5+ {[%emt 0:18:23]} 32. Kf3 {[%emt 0:00:10]} Kh7 {[%emt 0:06:19]} 33. Re5 {[%emt 0:01:29]} Rg8 {[%emt 0:00:08]} 34. Rxf5 {[%emt 0:02:28]} Rxf5 {[%emt 0:00:11]} 35. d6 {[%emt 0:01:50]} Rf6 {[%emt 0:02:44]} 36. Bh3 {[%emt 0:00:53]} Rd8 {[%emt 0:00:47]} 37. d7 {[%emt 0:00:41]} Kg7 {[%emt 0:00:13]} 38. Ke4 {[%emt 0:04:02]} Kf8 {[%emt 0:01:43]} 39. Kd5 {[%emt 0:00:08]} c4 {[%emt 0:04:38]} 40. Re2 {[%emt 0:03:04]} b5 {[%emt 0:00:28]} 41. Kc5 {[%emt 0:00:34]} a6 {[%emt 0:00:14]} 42. Re4 {[%emt 0:00:16]} Rg6 43. Re1 {[%emt 0:00:57]} Rf6 {[%emt 0:01:42]} 44. Re4 {[%emt 0:00:13]} Rg6 {[%emt 0:00:05]} 45. Re2 {[%emt 0:00:10]} Rf6 {[%emt 0:00:14]} 46. Re5 {[%emt 0:01:20]} h4 {[%emt 0:00:46]} 47. Re4 {[%emt 0:00:26]} Rg6 {[%emt 0:00:06]} 48. Re1 {[%emt 0:00:03]} Rf6 {[%emt 0:00:05]} 49. Re2 {[%emt 0:00:39]} Rg6 {[%emt 0:00:09]} 50. Re4 {[%emt 0:00:03]} Rf6 {[%emt 0:00:08]} 51. a4 {[%emt 0:00:05]} bxa4 {[%emt 0:01:37]} 52. Re2 {[%emt 0:01:22]} a3 {[%emt 0:03:34]} 53. bxa3 {[%emt 0:00:07]} c3 {[%emt 0:00:01]} 54. Rc2 {[%emt 0:01:49]} Ke7 {[%emt 0:00:09]} 55. Rxc3 {[%emt 0:02:06]} Rxd7 {[%emt 0:00:05]} 56. Bxd7 {[%emt 0:00:58]} Kxd7 {[%emt 0:00:04]} 57. Rb3 {[%emt 0:00:33]} Rxf4 {[%emt 0:01:18]} 58. Rb7+ {[%emt 0:01:18]} Ke8 {[%emt 0:00:36]} 59. Rb6 {[%emt 0:00:19]} Ra4 {[%emt 0:00:59]} 60. Rxh6 {[%emt 0:00:13]} Kf8 {[%emt 0:00:06]} 61. Kd6 Kg7 {[%emt 0:00:44]} 62. Rh5 {[%emt 0:01:10]} Kg6 {[%emt 0:01:09]} 63. Rh8 {[%emt 0:00:07]} Kg7 {[%emt 0:00:04]} 64. Rh5 {[%emt 0:00:04]} Kg6 {[%emt 0:00:01]} 65. Rh8 {[%emt 0:00:05]} Kg5 {[%emt 0:00:15]} 66. Ke5 {[%emt 0:01:33]} Ra5+ {[%emt 0:00:29]} 67. Ke4 {[%emt 0:00:13]} f5+ {[%emt 0:00:10]} 68. Kf3 {[%emt 0:00:28]} Rxa3+ {[%emt 0:00:04]} 69. Kf2 {[%emt 0:00:04]} Kg4 {[%emt 0:00:09]} 70. Rg8+ {[%emt 0:00:20]} Kf4 {[%emt 0:00:34]} 71. Rc8 {[%emt 0:00:05]} Ra2+ {[%emt 0:00:15]} 72. Kf1 {[%emt 0:00:48]} Rxh2 {[%emt 0:02:13]} 73. Rc4+ {[%emt 0:00:05]} Kf3 {[%emt 0:00:03]} 74. Rc3+ {[%emt 0:00:03]} Kg4 {[%emt 0:00:06]} 75. Ra3 {[%emt 0:00:07]} f4 {[%emt 0:02:38]} 76. Rxa6 {[%emt 0:00:18]} Rb2 {[%emt 0:00:06]} 77. Rg6+ {[%emt 0:01:17]} Kf3 {[%emt 0:00:11]} 78. Kg1 {[%emt 0:00:03]} Rb1+ {[%emt 0:04:04]} 79. Kh2 {[%emt 0:00:05]} Ke2 {[%emt 0:00:05]} 80. Re6+ {[%emt 0:00:08]} Kf2 {[%emt 0:00:23]} 81. Ra6 {[%emt 0:02:41]} f3 {[%emt 0:02:00]} 82. Ra2+ {[%emt 0:01:12]} Kf1 {[%emt 0:00:07]} 83. Ra4 {[%emt 0:01:35]} f2 {[%emt 0:00:09]} 84. Re4 {[%emt 0:00:33]} Re1 {[%emt 0:00:06]} 0-1

[Event "2nd Goa GM Open 2019"]
[Site "Goa"]
[Date "2019.06.21"]
[Round "5.10"]
[White "Nitin, S.."]
[Black "Aleksandrov, Aleksej"]
[Result "1/2-1/2"]
[WhiteElo "2398"]
[BlackElo "2588"]
[Annotator "ChessBase"]
[PlyCount "95"]
[EventDate "2019.06.17"]
[EventType "swiss"]
[EventCountry "IND"]
[SourceTitle "playchess.com"]
[Source "ChessBase"]
[SourceQuality "1"]
[TimeControl "5400+30"]

1. e4 {[%emt 0:00:05]} e5 {[%emt 0:00:00]} 2. Nf3 {[%emt 0:00:08]} Nc6 {[%emt 0:00:00]} 3. Bb5 {[%emt 0:00:09]} a6 {[%emt 0:00:00]} 4. Ba4 {[%emt 0:00:07]} Nf6 {[%emt 0:00:00]} 5. Qe2 {[%emt 0:00:08]} Bc5 {[%emt 0:07:04]} 6. c3 {[%emt 0:04:25]} O-O {[%emt 0:04:11]} 7. O-O {[%emt 0:01:43]} b5 {[%emt 0:07:29]} 8. Bc2 {[%emt 0:00:47]} Re8 {[%emt 0:02:30]} 9. d3 {[%emt 0:07:38]} h6 {[%emt 0:09:06]} 10. h3 {[%emt 0:02:55]} d5 {[%emt 0:07:20]} 11. Nbd2 {[%emt 0:00:54]} Bf8 {[%emt 0:09:01]} 12. Rd1 {[%emt 0:02:22]} g6 {[%emt 0:05:56]} 13. Nf1 {[%emt 0:03:33]} Rb8 {[%emt 0:02:14]} 14. Ng3 {[%emt 0:05:01]} Bg7 {[%emt 0:07:13]} 15. Be3 {[%emt 0:03:51]} d4 {[%emt 0:03:44]} 16. Bd2 {[%emt 0:01:35]} Nd7 {[%emt 0:02:49]} 17. Rac1 {[%emt 0:03:28]} Nb6 {[%emt 0:01:21]} 18. Bb3 {[%emt 0:06:18]} Be6 {[%emt 0:07:08]} 19. cxd4 {[%emt 0:01:28]} Bxb3 {[%emt 0:00:27]} 20. axb3 {[%emt 0:00:08]} Nxd4 {[%emt 0:00:02]} 21. Nxd4 {[%emt 0:00:08]} exd4 {[%emt 0:00:02]} 22. Rc6 {[%emt 0:05:46]} Qd7 {[%emt 0:07:51]} 23. Rdc1 {[%emt 0:00:45]} Rbc8 {[%emt 0:01:24]} 24. Qg4 {[%emt 0:02:22]} Re6 {[%emt 0:00:18]} 25. Rxe6 {[%emt 0:01:30]} Qxe6 {[%emt 0:00:04]} 26. Qxe6 {[%emt 0:00:50]} fxe6 {[%emt 0:00:07]} 27. Rc6 Kf7 {[%emt 0:00:32]} 28. f4 {[%emt 0:03:24]} Nd7 {[%emt 0:00:50]} 29. Ba5 {[%emt 0:02:51]} Bf8 {[%emt 0:04:09]} 30. Ne2 {[%emt 0:05:50]} e5 {[%emt 0:02:35]} 31. Rxc7 {[%emt 0:05:57]} Rxc7 {[%emt 0:00:04]} 32. Bxc7 {[%emt 0:00:05]} exf4 {[%emt 0:00:42]} 33. Bxf4 {[%emt 0:01:12]} g5 {[%emt 0:02:00]} 34. Bc7 {[%emt 0:00:45]} Bb4 {[%emt 0:00:35]} 35. Kf1 {[%emt 0:01:50]} Nc5 {[%emt 0:00:42]} 36. Nxd4 {[%emt 0:02:43]} Nxd3 {[%emt 0:00:09]} 37. Nc6 {[%emt 0:02:25]} Bf8 {[%emt 0:02:04]} 38. Ne5+ {[%emt 0:01:01]} Nxe5 {[%emt 0:00:08]} 39. Bxe5 {[%emt 0:00:04]} Ke6 {[%emt 0:00:05]} 40. Bd4 {[%emt 0:00:56]} h5 {[%emt 0:00:07]} 41. g4 {[%emt 0:00:33]} hxg4 {[%emt 0:00:14]} 42. hxg4 {[%emt 0:00:06]} Be7 {[%emt 0:01:32]} 43. Ke2 {[%emt 0:00:14]} Bd8 {[%emt 0:00:08]} 44. Kd3 {[%emt 0:00:22]} Bc7 {[%emt 0:02:59]} 45. Kc3 {[%emt 0:02:10]} Ba5+ {[%emt 0:00:04]} 46. Kd3 {[%emt 0:00:12]} Bc7 {[%emt 0:00:03]} 47. Be3 {[%emt 0:00:11]} Bd8 {[%emt 0:00:03]} 48. Bd4 {[%emt 0:00:05] Ke5} 1/2-1/2

[Event "2nd Goa GM Open 2019"]
[Site "Goa"]
[Date "2019.06.21"]
[Round "5.11"]
[White "Stupak, Kirill"]
[Black "Koustav Chatterjee"]
[Result "1-0"]
[WhiteElo "2584"]
[BlackElo "2404"]
[Annotator "RC"]
[PlyCount "89"]
[EventDate "2019.06.17"]
[EventType "swiss"]
[EventCountry "IND"]
[SourceTitle "playchess.com"]
[Source "ChessBase"]
[SourceQuality "1"]
[TimeControl "5400+30"]

1. d4 {[%emt 0:00:00]} Nf6 {[%emt 0:00:00]} 2. c4 {[%emt 0:00:00]} e6 {[%emt 0:00:00]} 3. Nf3 {[%emt 0:00:00]} d5 {[%emt 0:00:00]} 4. Bg5 {[%emt 0:00:00]} Bb4+ {[%emt 0:00:00]} 5. Nbd2 {[%emt 0:00:00]} dxc4 {[%emt 0:00:04]} 6. e3 {[%emt 0:00:00]} b5 {[%emt 0:00:15]} 7. a3 {[%emt 0:00:00]} Ba5 {[%emt 0:00:35]} 8. Be2 {[%emt 0:00:42]} Bb7 {[%emt 0:00:12]} 9. O-O {[%emt 0:03:07]} O-O {[%emt 0:02:01]} 10. b3 {[%emt 0:03:10]} c3 {[%emt 0:02:06]} 11. b4 {[%emt 0:08:09]} cxd2 {[%emt 0:14:41]} 12. bxa5 {[%emt 0:00:04]} Qd5 {[%emt 0:00:53]} 13. Bxf6 {[%emt 0:06:45]} gxf6 {[%emt 0:01:26]} 14. Qxd2 {[%emt 0:00:20]} a6 {[%emt 0:03:25]} 15. Rfc1 {[%emt 0:03:14]} Qd6 {[%emt 0:02:31]} 16. a4 {[%emt 0:12:09]} bxa4 {[%emt 0:05:48]} 17. Rxa4 {[%emt 0:00:08]} Nd7 {[%emt 0:00:25]} 18. Rac4 {[%emt 0:02:41]} Rfc8 {[%emt 0:04:57]} 19. Qc3 {[%emt 0:01:03]} c6 {[%emt 0:04:50]} 20. Ne1 {[%emt 0:12:58]} Rc7 {[%emt 0:06:45]} 21. Nd3 {[%emt 0:00:57]} Rac8 {[%emt 0:02:05]} 22. Nc5 {[%emt 0:07:07]} Nxc5 {[%emt 0:01:37]} 23. Rxc5 {[%emt 0:00:04]} Kh8 {[%emt 0:01:14]} 24. g3 {[%emt 0:02:06]} Re7 {[%emt 0:02:48]} 25. Bf3 {[%emt 0:01:06]} e5 {[%emt 0:00:50]} 26. d5 {[%emt 0:09:29]} e4 {[%emt 0:03:20]} 27. Bg4 {[%emt 0:00:03]} Rg8 {[%emt 0:00:25]} 28. dxc6 {[%emt 0:00:14]} Rxg4 {[%emt 0:00:38]} 29. cxb7 {[%emt 0:01:21]} Rxb7 {[%emt 0:00:04]} 30. Rc6 {[%emt 0:07:16]} Qe5 {[%emt 0:01:27]} 31. Rxf6 {[%emt 0:00:08]} Qxc3 {[%emt 0:00:56]} 32. Rxc3 {[%emt 0:00:02]} Rg5 {[%emt 0:00:06]} 33. Rxa6 {[%emt 0:00:46]} Rb1+ {[%emt 0:01:16]} 34. Kg2 {[%emt 0:00:03]} Rf5 {[%emt 0:00:02]} 35. g4 {[%emt 0:04:03]} Rf3 {[%emt 0:01:18]} 36. Rc2 {[%emt 0:03:08]} Ra1 {[%emt 0:00:43]} 37. Ra8+ {[%emt 0:00:01]} Kg7 {[%emt 0:00:08]} 38. Re8 {[%emt 0:00:09]} Rxa5 {[%emt 0:00:46]} 39. Rxe4 {[%emt 0:00:02]} Rf6 {[%emt 0:00:09]} 40. Rcc4 {[%emt 0:00:20]} Ra7 {[%emt 0:01:07]} 41. h3 {[%emt 0:00:26]} Rg6 {[%emt 0:00:30]} 42. Rc5 {[%emt 0:00:07]} Rf6 {[%emt 0:00:20]} 43. Rec4 {[%emt 0:00:30]} h6 {[%emt 0:00:22]} 44. Kg3 {[%emt 0:00:08]} Ra1 {[%emt 0:00:20]} 45. Rf4 {[%emt 0:00:56]} 1-0

[Event "2nd Goa GM Open 2019"]
[Site "Goa"]
[Date "2019.06.21"]
[Round "5.12"]
[White "Sahoo, Utkal Ranjan"]
[Black "Paichadze, Luka"]
[Result "1/2-1/2"]
[WhiteElo "2371"]
[BlackElo "2557"]
[Annotator "TA"]
[PlyCount "61"]
[EventDate "2019.06.17"]
[EventType "swiss"]
[EventCountry "IND"]
[SourceTitle "playchess.com"]
[Source "ChessBase"]
[SourceQuality "1"]

{[%evp 9,61,20,19,12,23,14,28,23,36,45,51,40,69,16,74,67,75,64,124,121,131,103,111,117,120,100,140,97,96,97,120,112,114,103,97,83,243,12,22,33,53,0,0,0,0,0,0,0,0,0,0,0,0,0]} 1. d4 Nf6 2. Bg5 Ne4 3. Bf4 c5 4. d5 e6 5. f3 Bd6 (5... Qa5+ 6. c3 Nf6 7. e4 exd5 8. exd5 d6 9. Na3 Be7 10. Ne2 O-O 11. Ng3 Re8 12. Be2 Bf8 13. O-O a6 14. Nc4 Qc7 15. a4 b6 16. Ne3 {½-½ (49) Andreikin,D (2743)-Marin,M (2576) Almaty 2016}) 6. Bxd6 {A45: Trompowsky Attack} Nxd6 7. e4 O-O 8. Nc3 {White has an edge.} e5 9. Qd2 a6 10. f4 f6 $146 ({Predecessor:} 10... f5 11. fxe5 Nxe4 12. Nxe4 fxe4 {0-1 (26) Sulava,N (2453)-Braeuer,F (2319) Austria 2015}) 11. Nf3 (11. fxe5 $14 fxe5 12. Nf3) 11... b5 (11... exf4 $11 12. Qxf4 Nf7) 12. fxe5 $16 fxe5 13. Qe3 Qa5 (13... Ne8 $14) 14. Be2 b4 15. Nb1 Nf7 16. d6 Nxd6 17. Nbd2 {Black must now prevent 0-0.} Qc7 18. O-O Nc6 19. Nc4 Bb7 20. Nxd6 Qxd6 21. Bc4+ Kh8 22. Ng5 $1 Nd4 $2 {[#]} (22... Qd4 $16 23. Qxd4 exd4) 23. Nf7+ $2 {[#]} ({White has to play} 23. Qd3 $1 $18) 23... Rxf7 $1 $11 {[%mdl 512]} 24. Rxf7 {aiming for Qg5.} (24. Bxf7 Nxc2) 24... Nxc2 {[%mdl 64] Double Attack} 25. Qg5 ({Better is} 25. Qg3 $1 $14 Rg8 26. Raf1 Qd4+ {[%mdl 64] Double Attack} 27. R1f2 Qxc4 {[#]} 28. Rxg7 $1 {[%mdl 512]} Rxg7 29. Rf8+ Qg8 30. Rxg8+ Kxg8 31. Qxe5) 25... Rg8 {The position is equal.} 26. Rxg7 {[%csl Gc4,Gg5][%cal Rg7g8]} Qd4+ {[%mdl 64] Double Attack} 27. Kh1 {[%csl Gc4,Gg5][%cal Rg7g8]} Qxc4 28. Rxg8+ Qxg8 29. Qf6+ Qg7 30. Qd8+ Qg8 31. Qf6+ {[%mdl 64] Double Attack. Accuracy: White = 66%, Black = 38%.} 1/2-1/2

[Event "2nd Goa GM Open 2019"]
[Site "Goa"]
[Date "2019.06.21"]
[Round "5.13"]
[White "Fier, Alexandr"]
[Black "Sidhant, Mohapatra"]
[Result "1-0"]
[WhiteElo "2543"]
[BlackElo "2351"]
[Annotator "TA"]
[PlyCount "63"]
[EventDate "2019.06.17"]
[EventType "swiss"]
[EventCountry "IND"]
[SourceTitle "playchess.com"]
[Source "ChessBase"]
[SourceQuality "1"]

{[%evp 14,63,11,10,29,14,39,20,27,29,25,25,60,54,57,49,64,62,82,42,53,64,80,0,0,0,198,-131,115,-39,108,104,192,197,450,441,450,427,423,385,598,471,524,508,803,791,801,794,768,766,29992,29993]} 1. c4 c6 2. Nf3 d5 3. e3 Nf6 4. Nc3 e6 5. b3 Bd6 6. Bb2 O-O 7. Be2 Nbd7 8. Qc2 b6 {A11: English Opening: 1...c6} (8... Qe7 9. O-O b6 10. cxd5 cxd5 11. Nb5 Ba6 12. Qd1 Bxb5 13. Bxb5 a6 14. Be2 Ba3 15. Qc1 Bxb2 16. Qxb2 {½-½ (33) Ivanchuk,V (2728)-Duda,J (2707) Tbilisi 2017}) 9. Rg1 Bb7 10. g4 e5 {The position is equal.} 11. g5 Ne8 12. h4 Qe7 13. h5 g6 {[#]} 14. O-O-O $146 ({Predecessor:} 14. Nh4 Nc5 {½-½ (14) Rahman,Z (2502)-Ankit,R (2397) Nagpur 2012}) 14... Ng7 15. Nh2 b5 (15... Nxh5 16. Ng4 $11) (15... gxh5 16. Nf3 $15) 16. Ng4 (16. cxb5 cxb5 17. hxg6 fxg6 $11) 16... bxc4 (16... Nxh5 $6 17. Nh6+ Kh8 18. Bxh5 $16) 17. f4 Ba6 ({Wrong is} 17... exf4 $2 18. Nf6+ $1 {[%mdl 512]} Nxf6 19. gxf6 $16) 18. fxe5 (18. Nh6+ $16 Kh8 19. Rh1) 18... Bxe5 $11 19. bxc4 Rab8 $2 (19... Bxc4 $11 {and Black has nothing to worry.} 20. hxg6 fxg6) 20. Rdf1 $2 (20. d4 $18 Bc7 21. cxd5 Bxe2 22. Qxe2 cxd5 23. Nxd5) 20... d4 $2 {[#]} (20... Nxh5 $17 {keeps the pressure on.} 21. Qa4 Bxc4 22. Bxc4 dxc4) 21. Nxe5 $2 (21. hxg6 $1 $16 fxg6 22. Rxf8+ (22. Nxe5 Rxf1+ 23. Rxf1 Rxb2 $11) 22... Kxf8 23. Nxe5 Nxe5 24. Rf1+ Nf5 25. Ne4 Nxc4 26. Bxc4 Bxc4 27. Qxc4 {[%mdl 64] Double Attack} Qxe4 28. Qxd4 Qxd4 29. Bxd4) 21... Nxe5 (21... Rxb2 $1 $15 22. Qxb2 dxc3 23. Qxc3 Qxe5 24. Qxe5 Nxe5) 22. Ne4 $16 Rxb2 (22... Nxh5 $16 23. Bxd4 Nxc4) 23. Qxb2 $18 {Hoping for hxg6.} d3 $2 (23... Nxh5 24. Qxd4 Rd8) 24. Nf6+ Kh8 25. Bd1 gxh5 26. Rf4 {aiming for Re4.} Qc5 (26... Nxc4 {was called for.} 27. Qc3 Rb8) 27. Bb3 Rb8 28. Qc3 Qa3+ (28... Ng6 $142 29. Nxh5 Qe5 30. Qxe5 Nxe5) 29. Kd1 Bxc4 30. Rxc4 Nxc4 31. Qxc4 {[%mdl 64] Double Attack} a5 32. Qxd3 {Accuracy: White = 54%, Black = 24%.} 1-0

[Event "2nd Goa GM Open 2019"]
[Site "Goa"]
[Date "2019.06.21"]
[Round "5.14"]
[White "Gukesh D"]
[Black "Sankalp Gupta"]
[Result "0-1"]
[WhiteElo "2543"]
[BlackElo "2359"]
[Annotator "TA"]
[PlyCount "66"]
[EventDate "2019.06.17"]
[EventType "swiss"]
[EventCountry "IND"]
[SourceTitle "playchess.com"]
[Source "ChessBase"]
[SourceQuality "1"]

{[%evp 9,70,0,0,-2,0,0,0,0,0,0,0,0,6,-6,51,45,63,37,61,18,34,29,40,25,43,28,64,59,138,127,119,127,146,66,58,22,37,0,0,-16,37,-39,-39,-38,-31,-89,-91,-103,-94,-80,0,0,0,-99,-119,-351,-337,-332,-258,-29981,-29982,-5410,-1122]} 1. e4 e6 2. d3 d5 3. Nd2 Nf6 4. Ngf3 Nc6 5. c3 Bd6 6. Qc2 {C00: French: Unusual White 2nd moves} (6. b4 dxe4 7. dxe4 a5 8. b5 Ne5 9. Nxe5 Bxe5 10. Qc2 Bf4 11. g3 Bxd2+ 12. Bxd2 e5 13. Be3 {1-0 (87) Amin,B (2698)-Martinovic,S (2565) Germany 2018}) 6... e5 7. exd5 $146 ({Predecessor:} 7. Be2 O-O 8. O-O Re8 9. Re1 a5 10. Bf1 Bc5 11. h3 dxe4 12. dxe4 Nh5 13. Nb3 {0-1 (40) Flueckiger,C (2359)-Moor,O (2378) Switzerland 2012}) 7... Nxd5 8. g3 {The position is equal.} Bf5 9. Bg2 Qd7 10. O-O f6 11. b4 {[%cal Bb2b4,Bb4b5][%mdl 32]} Nde7 (11... a6 $11) 12. Re1 $14 Ng6 13. Ne4 O-O 14. Nfd2 Rad8 15. b5 Nce7 16. a4 Bh3 17. Bh1 h6 18. d4 f5 ({Better is} 18... Kh8 $14) 19. dxe5 $1 $16 Nxe5 20. Nxd6 cxd6 {[#]} 21. c4 (21. f4 $1 $16 {[%cal Rf4e5]} Ng4 22. Qb3+ Kh7 23. Ba3) 21... f4 $14 22. Bb2 N7g6 23. Bd5+ (23. Bd4 $14) 23... Kh8 $11 24. Qc3 Rf5 ({Black should play} 24... Be6 $11) 25. Nf3 (25. Qd4 $14) 25... Rdf8 $15 26. Nxe5 Nxe5 27. Qd2 (27. Qc1 $15) 27... fxg3 $17 28. fxg3 {[#]} Rf2 $1 {[%cal Rf2d2][%mdl 512]} 29. Qc1 (29. Qxf2 Rxf2) 29... Ng4 ({Black should try} 29... Be6 $17 30. Bxe5 dxe5 31. Bxe6 Qxe6) 30. Bd4 $1 $11 {[%cal Rd4f2]} Rxh2 31. Re6 {[#]} (31. Qd1 $11) 31... Bg2 $1 $40 {[%mdl 640] Black goes for the king.} 32. Rg6 $2 (32. Qe1 $17 Bxd5 33. cxd5) (32. Bxg2 Qxe6) 32... Bxd5 $19 33. cxd5 {[#]} Rh3 {Played: Qd7-f5} 0-1

[Event "2nd Goa GM Open 2019"]
[Site "Goa"]
[Date "2019.06.21"]
[Round "5.15"]
[White "Pranav Anand"]
[Black "Tukhaev, Adam"]
[Result "1/2-1/2"]
[WhiteElo "2340"]
[BlackElo "2527"]
[Annotator "TA"]
[PlyCount "105"]
[EventDate "2019.06.17"]
[EventType "swiss"]
[EventCountry "IND"]
[SourceTitle "playchess.com"]
[Source "ChessBase"]
[SourceQuality "1"]

{[%evp 26,105,33,8,37,18,30,0,31,20,25,16,128,119,144,139,169,170,115,91,186,188,225,229,225,211,225,222,216,229,232,239,287,297,535,539,550,541,538,530,840,518,560,368,361,339,339,339,368,335,336,161,133,0,0,0,0,0,0,0,0,0,0,0,0,0,0,0,8,8,8,8,8,8,8,0,8,0,8,0,8,0]} 1. d4 Nf6 2. c4 e6 3. Nc3 Bb4 4. f3 d5 5. a3 Bxc3+ 6. bxc3 c5 7. cxd5 exd5 8. e3 O-O 9. Bd3 b6 10. Ne2 Ba6 11. O-O Bxd3 12. Qxd3 Re8 13. Ng3 Nc6 14. Bb2 h5 {E49: Nimzo-Indian: Rubinstein: 5 Bd3 d5 6 a3 Bxc3+ 7 bxc3} 15. Rae1 h4 16. Nh1 (16. Nf5 Nh5 17. e4 h3 18. g3 Ne7 19. e5 Qd7 20. Nd6 Rf8 21. Nxf7 c4 22. Qc2 Rxf7 23. e6 Qd6 24. exf7+ Kxf7 25. Re5 {1-0 (25) Matlakov,M (2692)-Bellahcene,B (2560) Dubai 2019}) 16... h3 $146 ({Predecessor:} 16... Qd7 17. Nf2 Rad8 18. Nh3 a5 19. Qc2 Ne7 20. e4 cxd4 21. cxd4 Rc8 22. Qf2 {0-1 (50) Arabidze,M (2393)-Goryachkina,A (2495) Stary Smokovec 2018}) 17. Ng3 Nh7 18. e4 c4 (18... hxg2 $11 {keeps the balance.} 19. Kxg2 cxd4) 19. Qc2 $16 b5 20. e5 a5 21. f4 $1 b4 22. Nf5 Re6 (22... Qd7 $16 {might work better.}) 23. Rf3 $1 $18 ({Resist} 23. gxh3 $6 Rg6+ 24. Kh1 Qd7 $14) 23... hxg2 {[#]} 24. Rg3 $1 ({Much less strong is} 24. Qxg2 $6 Rg6 $14) 24... Rg6 {[#]} 25. Rxg6 $1 fxg6 {[#]} 26. Nh6+ $1 {[%mdl 576] Discovered Attack} gxh6 27. Qxg6+ {[%mdl 64] Double Attack} Kh8 {Threatens to win with ...Qh4.} 28. Qxc6 Rb8 {Hoping for ...Qh4!} 29. Qxh6 Rb6 $2 (29... Qf8 30. Qxf8+ Rxf8 31. cxb4 axb4 32. axb4 Rxf4 33. Kxg2 Kg7) 30. Qh3 Qf8 31. cxb4 axb4 {intending ...c3.} 32. axb4 Qxf4 33. e6 Rb7 34. Qe3 Qxe3+ 35. Rxe3 {[%mdl 4096] Endgame KRB-KRN} Nf6 36. e7 (36. Kxg2 Kg7 $16) 36... Rb8 37. Kxg2 Kg7 38. Kf3 (38. Ba3 $142) 38... Rxb4 39. e8=Q (39. Ba3 $16 Rb8 40. Kf4) 39... Nxe8 $11 {The position is equal.} 40. Rxe8 {And now Bc1 would win.} Rxb2 {KR-KR} 41. Re5 Rxh2 42. Rxd5 c3 43. Rc5 Kf6 44. Ke3 c2 45. Kd3 Ke6 46. Rxc2 Rh1 47. Rc5 Kd6 48. Rg5 Ra1 49. Ke4 Re1+ 50. Kd3 Ra1 51. Ke4 Re1+ 52. Kd3 Ra1 53. Ke4 {Accuracy: White = 69%, Black = 47%.} 1/2-1/2